| 000 | 00927nam a2200301 4500 | ||
|---|---|---|---|
| 001 | 75321 | ||
| 003 | BD-RjUL | ||
| 005 | 20211209082655.0 | ||
| 008 | 500101s1952 enka 000 0 eng d | ||
| 035 | _a(BD-RjUL)75539 | ||
| 040 |
_aDLC _cMFM _dSER _dEUX _beng |
||
| 041 | _aeng | ||
| 049 |
_aCU _lo _ml |
||
| 082 |
_a547 _223 _bMAP 1952 |
||
| 092 | _aD0502877332 | ||
| 100 | 1 |
_aMann, Frederick George. _9228592 |
|
| 245 | 1 | 0 |
_aPractical organic chemistry / _cby Frederick George Mann and Bernard Charles Saunders |
| 250 | _a3rd ed | ||
| 260 |
_aLondon ; _aNew York : _bLongmans, Green & Co, _c1952[1957] |
||
| 300 |
_a466 p : _billus ; _c23 cm |
||
| 650 | 0 |
_aChemistry, Organic _vLaboratory manuals _9228593 |
|
| 700 | 1 |
_aSaunders, Bernard Charles. _9228596 |
|
| 942 |
_2ddc _cBK |
||
| 999 |
_c75321 _d75321 |
||